000 00979nam a2200217Ii 4500
003 JO-AjNU
008 230605s9999||||xx |||||||||||||| ||und||
017 _a1993/4100
020 _a977-02-4072-9
040 _aJO-AjNU
_bara
_erda
_cJO-AjNU
041 _aara
050 1 4 _aBF723.D7.H37.1993
100 3 _aالهوريتز ،البسيوني،محمود,
_eauthor
_934613
245 0 0 _aالذاكرة والخبرة: دراسة مقارنة لرسوم الاطفال من تايوان-وقطر-والولايات المتحدة =Memory and Experience:Thematic Drawing by Taiwanese-Qatari and American Children
264 3 1 _aالقاهرة:دار المعارف ،1993
300 _aمن ص5-ص289عربي ، من ص5-ص87انجليزي
_bلوحات توضيحية من ص96-ص289
336 _atext
_btxt
_2rdacontent
337 _aunmediated
_bn
_2rdamedia
338 _avolume
_bnc
_2rdacarrier
650 4 _aرسوم الاطفال-الرسم من الذاكرة
_934614
999 _aA14210
_c17778
_d17778